Theory and Practice of Journalism :Set to Indian Context (Record no. 347491)

000 -LEADER
fixed length control field 00344 a2200121 4500
082 ## - DEWEY DECIMAL CLASSIFICATION NUMBER
Classification number 302.23
Author Mark AHU
100 ## - MAIN ENTRY--PERSONAL NAME
Personal name Ahuja,B.N.
9 (RLIN) 1430
245 ## - TITLE STATEMENT
Title Theory and Practice of Journalism :Set to Indian Context
Statement of responsibility, etc. B.N.Ahuja
260 ## - PUBLICATION, DISTRIBUTION, ETC.
Place of publication, distribution, etc. Delhi
Name of publisher, distributor, etc. Surjeet Publications
Date of publication, distribution, etc. 2007
300 ## - PHYSICAL DESCRIPTION
Extent 375p
500 ## - GENERAL NOTE
General note Paper cover
942 ## - ADDED ENTRY ELEMENTS (KOHA)
Institution code [OBSOLETE] NBS
Koha item type Book
Call number prefix 811.5420 AHU
Source of classification or shelving scheme
Holdings
Withdrawn status Lost status Source of classification or shelving scheme Damaged status Not for loan Permanent Location Current Location Date acquired Full call number Barcode Date last seen Price effective from Koha item type
          Central Library (CL) Central Library (CL) 08/28/2013 302.23 AHU NBSD-584 08/28/2013 08/28/2013 Book
© 2023 Central Library, National University of Sciences and Technology. All Rights Reserved.